Ozeanische Hauptstädte - Karten-Quiz - Statistiken

Allgemein
  • Dieses Quiz wurde 10.297 mal gespielt
  • Das Durchschnittsergebnis liegt bei 6 aus 14
Antworten auf der Karte
Die Antworten werden auf der Karte rot bzw. grün angezeigt, abhängig davon wie oft sie richtig erraten wurden.
 
Antwortstatistiken
Antwort % Korrekt
Canberra
96%
Wellington
89%
Port Moresby
64%
Suva
41%
Apia
35%
Honiara
35%
Port Vila
35%
South Tarawa
35%
Majuro
34%
Ngerulmud
34%
Nukuʻalofa
33%
Yaren
33%
Funafuti
31%
Palikir
29%
Keine übereinstimmenden Quizze gefunden
Verteilung der Resultate
Anzahl Personen mit jedem Resultat
Perzentil nach korrekt beantworteten Fragen
Ihre Resultats-Entwicklung
Sie haben dieses Quiz noch nicht gespielt